Giáo trình thức ăn cho gia súc Dùng cho học sinh và giáo viên các trường Nông Nghiệp địa phương

Gespeichert in:
Bibliographische Detailangaben
1. Verfasser: Giáo trình thức ăn cho gia súc
Format: Buch
Sprache:Undetermined
Veröffentlicht: Hà Nội Giải Phóng 1973
Schlagworte:
Tags: Tag hinzufügen
Keine Tags, Fügen Sie den ersten Tag hinzu!
Thư viện lưu trữ: Trung tâm Học liệu Trường Đại học Cần Thơ
LEADER 00607nam a2200181Ia 4500
001 CTU_13861
008 210402s9999 xx 000 0 und d
082 |a 636.085 
082 |b Gi108 
100 |a Giáo trình thức ăn cho gia súc 
245 0 |a Giáo trình thức ăn cho gia súc 
245 0 |b Dùng cho học sinh và giáo viên các trường Nông Nghiệp địa phương 
260 |a Hà Nội 
260 |b Giải Phóng 
260 |c 1973 
650 |a animal feeding,feeds 
904 |i Minh, 961214 
980 |a Trung tâm Học liệu Trường Đại học Cần Thơ